Broadway Musicals: *Christmas* Songs Quiz Stats

 Plays Quiz not verified by Sporcle

Score 0/20 Timer 05:00
0 Plays Today
'Christmas' Song Musical % Correct
White ChristmasIrving Berlin's White Christmas
71%
We Need a Little ChristmasMame
65.4%
Christmas BellsRent
64.7%
New Deal for ChristmasAnnie
56.3%
Merry Christmas, Maggie ThatcherBilly Elliot: The Musical
50.1%
Have Yourself a Merry Little ChristmasMeet Me in St. Louis
46.6%
The Whos' Christmas PageantSeussical
40.4%
ChristmasThe Who's Tommy
30.6%
Christmas DayPromises Promises (Revival)
23.2%
Twelve Days to ChristmasShe Loves Me
20.7%
'Christmas' Song Musical % Correct
I Hate Christmas EveDr. Seuss' How the Grinch Stole Christmas!
16.8%
Christmas Carol (in Italian)Passion
13.6%
ChristmastownElf
8.9%
Lovers on Christmas Eve I Love My Wife
8.6%
Speakeasy ChristmasLegs Diamond
8.3%
Christmas at Hampton CourtRex
6.6%
Christmas Makes Me CryBrooklyn
4.5%
Merry Almost ChristmasA Year With Frog and Toad
3.9%
The Smell of ChristmasMinnie's Boys
3%
That's What I'd Like for ChristmasPickwick
2.7%

You're not logged in!

Compare scores with friends on all Sporcle quizzes.
OR
Log In

Show Comments

Extras

Top Quizzes Today


Score Distribution

Your Account Isn't Verified!

In order to create a playlist on Sporcle, you need to verify the email address you used during registration. Go to your Sporcle Settings to finish the process.

Report this User

Report this user for behavior that violates our Community Guidelines.

Details: